Top 50 ActiveWrestlers (In My Opinion) - Statistics

General Stats
  • This quiz has been taken 9 times
  • The average score is 21 of 50
Answer Stats
Answer % Correct
Roman Reigns
88%
Seth Rollins
88%
Charlotte Flair
75%
Jey Uso
75%
Kenny Omega
75%
Randy Orton
75%
Becky Lynch
63%
Bianca Belair
63%
Cm Punk
63%
Drew McIntyre
63%
Kevin Owens
63%
Rhea Ripley
63%
Chad Gable
50%
Chris Jericho
50%
Christian Cage
50%
Dominick Mysterio
50%
Montez Ford
50%
Oba Femi
50%
Solo Sikoa
50%
Toni Storm
50%
Will Ospreay
50%
Britt Baker
38%
Guilia
38%
Gunther
38%
Jon Moxley
38%
Kris Statlander
38%
Mercedes Mone
38%
Ricky Starks
38%
Ricochet
38%
Roxanne Perez
38%
Sami Zayn
38%
Stephanie Vaquer
38%
Tiffany Stratton
38%
Carmelo Hayes
25%
Jade Cargill
25%
Kelani Jordan
25%
Logan Paul
25%
Ludwig Kaiser
25%
Mariah May
25%
Swerve
25%
Athena
13%
Bron Breakker
13%
Bronson Reed
13%
Daniel Garcia
13%
Harley Cameron
13%
Kyle Fletcher
13%
Queen Aminata
13%
Sol Ruca
13%
Wheeler Yuta
13%
Willow Nightingale
13%
No matching quizzes found
Score Distribution
Percent of People with Each Score
Percentile by Number Answered
Your Score History
You have not taken this quiz